| 000 | 00959nam a2200253 i 4500 | ||
|---|---|---|---|
| 001 | 44674 | ||
| 003 | ES-MaACL | ||
| 005 | 20230906161057.0 | ||
| 007 | t| | ||
| 008 | 030324s1967 sp ||||1| spa d | ||
| 080 | _a338.43(460.18) | ||
| 245 | 0 | 0 |
_aClasificación económica de las explotaciones agrarias de la Alta Meseta / _cpor Miguel Bueno Gómez ... [et al.]. |
| 260 |
_aMadrid : _bServicio Nacional de Concentración Parcelaria y Ordenación Rural, _c1967. |
||
| 300 |
_aXII, 97 p. : _b1 mapa ; _c25 cm. |
||
| 490 | 1 |
_aSerie monográfica ; _v15 |
|
| 650 | 4 |
_aExplotaciones agrícolas- _zCastilla y León. _9173845 |
|
| 650 | 4 |
_aExplotaciones agrícolas- _zEspaña. _9171659 |
|
| 700 | 1 |
_aBueno Gómez, Miguel. _932396 |
|
| 710 | 2 |
_aServicio Nacional de Concentración Parcelaria y Ordenación Rural. _96585 |
|
| 830 | 1 |
_aSerie monográfica ; _v15 _9192789 |
|
| 852 | 4 |
_aES-MaACL _jC-32550 |
|
| 852 | 4 |
_aES-MaACL _jC-34017 |
|
| 999 |
_c44674 _d44674 |
||